000 00721cam a2200229 a 4500
020 _a0812927931 (pbk. : alk. paper)
040 _cDLC
082 0 0 _a025 TIM 1996 C147 Or.
100 1 _aBowen, Charles.
245 1 0 _aModem nation :
_bthe handbook of grassroots American activism online /
250 _a1st ed.
260 _aNew York :
_bTimes Business,
_cc1996.
300 _axii, 356 p. ;
_c24 cm.
500 _aIncludes index.
650 0 _aPolitical participation
650 0 _aPolitical planning
650 0 _aLobbying
650 0 _aInternet
856 4 2 _uhttp://www.loc.gov/catdir/bios/random057/96021883.html
856 4 2 _uhttp://www.loc.gov/catdir/description/random0411/96021883.html
942 _cAEDBB
999 _c18525
_d18525